[Event "22nd European Teams Women"]
[Site "Batumi GEO"]
[Date "2019.10.24"]
[Round "1.6"]
[Board "1"]
[White "Guichard, Pauline"]
[Black "Cramling, Pia"]
[Result "1/2-1/2"]
[WhiteTitle "IM"]
[BlackTitle "GM"]
[WhiteElo "2407"]
[BlackElo "2462"]
[WhiteTeam "France"]
[BlackTeam "Sweden"]
[WhiteFideId "639370"]
[BlackFideId "1700030"]
[EventDate "2019.10.24"]

1. c4 e6 2. Nf3 b6 3. g3 Bb7 4. Bg2 Nf6 5. b3 Be7 6. Bb2 d5 7. O-O O-O 8. e3 c5
9. Nc3 dxc4 10. bxc4 Nc6 11. Qe2 Qc7 12. Nb5 Qc8 13. Rfd1 a6 14. Nc3 Rd8 15.
Rac1 Qc7 16. Ba1 Rab8 17. Rb1 Nd7 18. Ne1 Na5 19. f4 Bxg2 20. Nxg2 Nf6 21. Ne1
Qd7 22. Nf3 Qd3 23. Qxd3 Rxd3 24. Ne5 Rdd8 25. d3 Ne8 26. Kf2 f6 27. Nf3 Nc7 28.
Ke2 b5 29. Nd2 Nc6 30. Nb3 f5 31. h3 Kf7 32. g4 g6 33. g5 Bd6 34. Kf3 e5 35. Ne2
Ne6 36. Rbc1 exf4 37. exf4 Be7 38. cxb5 Rxb5 39. d4 Ncxd4+ 40. Nexd4 cxd4 41.
Nxd4 Ra5 42. Nxe6 Ra3+ 43. Kg2 Rxa2+ 44. Kf3 Ra3+ 45. Kg2 Rxd1 46. Rxd1 Kxe6 47.
Re1+ Kf7 48. Be5 Ra5 49. h4 Rb5 50. Rc1 Bc5 51. Rd1 Rb7 52. Rc1 Rb5 53. Rd1 Ke6
54. Rd8 Rb7 55. Ra8 Ra7 56. Rc8 Be7 57. Kg3 a5 58. h5 gxh5 59. Kh4 a4 60. Kxh5
a3 61. Rc6+ Kd5 62. Rc1 Bb4 63. g6 hxg6+ 64. Kxg6 a2 65. Kxf5 Ra3 66. Rd1+ Kc4
67. Ke6 Ra6+ 68. Kf7 Bc3 69. Bxc3 Kxc3 70. f5 a1=Q 71. Rxa1 Rxa1 72. f6 Kd4 73.
Kg7 Rg1+ 74. Kh7 Rf1 75. Kg7 Ke5 76. f7 Ke6 77. f8=Q Rxf8 78. Kxf8 1/2-1/2

[Event "22nd European Teams Women"]
[Site "Batumi GEO"]
[Date "2019.10.24"]
[Round "1.6"]
[Board "2"]
[White "Frisk, Ellinor"]
[Black "Skripchenko, Almira"]
[Result "1/2-1/2"]
[WhiteTitle "WIM"]
[BlackTitle "IM"]
[WhiteElo "2227"]
[BlackElo "2403"]
[WhiteTeam "Sweden"]
[BlackTeam "France"]
[WhiteFideId "1708481"]
[BlackFideId "13900145"]
[EventDate "2019.10.24"]

1. e4 e5 2. Nf3 Nc6 3. Bc4 Nf6 4. Ng5 d5 5. exd5 b5 6. Bf1 Nxd5 7. Bxb5 Bb7 8.
d4 exd4 9. O-O Qf6 10. Re1+ Ne7 11. Qg4 h6 12. Nf3 Rd8 13. Na3 Rd5 14. Bf4 Kd8
15. Rad1 g5 16. Be5 Nxe5 17. Rxe5 c6 18. Rxd5+ Nxd5 19. Bc4 Bxa3 20. bxa3 Re8
21. Bxd5 cxd5 22. Qxd4 Qxd4 23. Nxd4 Kc7 24. f3 Ba6 25. Kf2 Bc4 26. Re1 Rxe1 27.
Kxe1 Bxa2 28. Nf5 h5 29. Nh6 d4 30. Nf5 Kc6 31. Nxd4+ Kc5 32. c3 Kc4 33. Kd2 Bb1
34. g3 a6 35. h4 gxh4 36. gxh4 Bg6 37. f4 Be4 38. Ke3 Bb1 39. Kd2 Be4 40. Ke3
Bb1 41. Kd2 1/2-1/2

[Event "22nd European Teams Women"]
[Site "Batumi GEO"]
[Date "2019.10.24"]
[Round "1.7"]
[Board "1"]
[White "Golubenko, Valentina"]
[Black "Gara, Anita"]
[Result "1/2-1/2"]
[WhiteTitle "WGM"]
[BlackTitle "IM"]
[WhiteElo "2274"]
[BlackElo "2366"]
[WhiteTeam "Croatia"]
[BlackTeam "Hungary"]
[WhiteFideId "4501993"]
[BlackFideId "709751"]
[EventDate "2019.10.24"]

1. d4 Nf6 2. c4 g6 3. g3 c6 4. Nf3 Bg7 5. Bg2 d5 6. Qb3 a5 7. cxd5 a4 8. Qd1
cxd5 9. O-O O-O 10. Nc3 Ne4 11. Nxa4 Qa5 12. Nc5 Nxc5 13. dxc5 Qxc5 14. Be3 Qd6
15. Nd4 Bd7 16. Qb3 Nc6 17. Nb5 Qb4 18. Qxb4 Nxb4 19. Nc7 Ra5 20. Bd2 Ra4 21. a3
Nc2 22. Ra2 Nd4 23. Nxd5 Nxe2+ 24. Kh1 Be6 25. b3 Rd4 26. Nxe7+ Kh8 27. Bb4 Bxb3
28. Rxe2 Bc4 29. Ree1 Bxf1 30. Rxf1 Rd7 31. Rc1 Rfd8 32. Bf3 Bf8 33. Re1 f6 34.
Bg4 Rd3 35. Ba5 Ra8 36. Bb4 Kg7 37. Be2 Rd4 38. Bf3 Rad8 39. Bxb7 Rd1 40. Rxd1
Rxd1+ 41. Kg2 Bxe7 42. Bxe7 Rd7 43. Bxf6+ Kxf6 44. Bc6 Rc7 45. Bb5 Rc3 46. a4
Ra3 47. Bc6 g5 48. Bb5 Ke5 49. Bd7 h6 50. Be8 Kd4 51. Bb5 h5 52. Be8 h4 53. Kh3
hxg3 1/2-1/2

[Event "22nd European Teams Women"]
[Site "Batumi GEO"]
[Date "2019.10.24"]
[Round "1.7"]
[Board "2"]
[White "Lazarne Vajda, Szidonia"]
[Black "Franciskovic, Borka"]
[Result "1/2-1/2"]
[WhiteTitle "IM"]
[BlackTitle "WIM"]
[WhiteElo "2353"]
[BlackElo "2262"]
[WhiteTeam "Hungary"]
[BlackTeam "Croatia"]
[WhiteFideId "723894"]
[BlackFideId "14507943"]
[EventDate "2019.10.24"]

1. d4 Nf6 2. c4 e6 3. Nc3 Bb4 4. e3 c5 5. Ne2 cxd4 6. exd4 d5 7. c5 O-O 8. a3
Ba5 9. b4 Bc7 10. g3 e5 11. Bg2 exd4 12. Nxd4 a5 13. Be3 Bg4 14. f3 Re8 15. Kf2
axb4 16. axb4 Rxa1 17. Qxa1 Nbd7 18. Rd1 Ne5 19. Bg5 Be6 20. Kg1 h6 21. Bxf6
Qxf6 22. Ncb5 Bb8 23. Nxe6 fxe6 24. f4 Nc6 25. Qxf6 gxf6 26. f5 exf5 27. Bxd5+
Kh7 28. Bxc6 bxc6 29. Rd7+ Kg6 30. Nd4 Rc8 31. Ne6 f4 32. gxf4 Kf5 33. Rd8 Rxd8
34. Nxd8 Bxf4 35. Nxc6 Ke6 36. Kg2 Kd5 37. Ne7+ Ke6 38. Nc8 Kd5 39. Nb6+ Kc6 40.
h3 Bd2 41. Nc8 Bxb4 42. Ne7+ Kxc5 43. Ng8 Kd5 44. Nxf6+ Ke6 1/2-1/2

[Event "22nd European Teams Women"]
[Site "Batumi GEO"]
[Date "2019.10.24"]
[Round "1.9"]
[Board "3"]
[White "Hrescak, Ivana"]
[Black "Gvetadze, Sofio"]
[Result "0-1"]
[WhiteTitle "WIM"]
[BlackTitle "IM"]
[WhiteElo "2226"]
[BlackElo "2297"]
[WhiteTeam "Slovenia"]
[BlackTeam "Georgia 2"]
[WhiteFideId "14613441"]
[BlackFideId "13601440"]
[EventDate "2019.10.24"]

1. d4 Nf6 2. c4 e6 3. Nc3 Bb4 4. e3 O-O 5. Bd3 c5 6. Ne2 cxd4 7. exd4 d5 8. cxd5
Nxd5 9. O-O Nc6 10. a3 Be7 11. Qc2 g6 12. Bh6 Re8 13. Rad1 Bf6 14. Be4 Nce7 15.
Rd3 Bd7 16. b4 a6 17. Rfd1 Bc6 18. Qd2 Rc8 19. Rh3 Nf5 20. Bxf5 exf5 21. Rd3 Qd7
22. Bg5 Bg7 23. Bf4 Qe6 24. Bg3 Nxc3 25. Nxc3 Qc4 26. f3 Bd5 27. Be5 Qc6 28.
Nxd5 Qxd5 29. Re1 Red8 30. Bxg7 Kxg7 31. Re5 Qd6 32. Rc5 Rxc5 33. bxc5 Qd5 34.
Qe3 Rd7 35. Rd2 Qe6 36. Kf2 Qd5 37. Rd3 Qe6 38. Qd2 Qd5 39. Qe2 Kf8 40. Qe3 Re7
41. Qd2 Qc4 42. Qc3 Qa2+ 43. Rd2 Qd5 44. Rb2 h5 45. Rb6 h4 46. Qd2 Kg7 47. Rd6
Qc4 48. Qb2 Kh7 49. Qd2 Qb3 50. Rd8 Qxa3 51. Rc8 f4 52. d5 Re3 53. d6 Rd3 54.
Qe2 Qc3 55. Re8 Qxc5+ 56. Kf1 Qc1+ 57. Kf2 Rd2 58. d7 Qc5+ 59. Kf1 Rxe2 60. Rh8+
Kg7 0-1

[Event "22nd European Teams Women"]
[Site "Batumi GEO"]
[Date "2019.10.24"]
[Round "1.10"]
[Board "1"]
[White "Atalik, Ekaterina"]
[Black "Exler, Veronika"]
[Result "1-0"]
[WhiteTitle "IM"]
[BlackTitle "WIM"]
[WhiteElo "2464"]
[BlackElo "2222"]
[WhiteTeam "Turkey"]
[BlackTeam "Austria"]
[WhiteFideId "4130189"]
[BlackFideId "1620550"]
[EventDate "2019.10.24"]

1. Nf3 d5 2. e3 Nf6 3. c4 e6 4. Nc3 c5 5. cxd5 exd5 6. Bb5+ Nc6 7. d4 Bd6 8.
dxc5 Bxc5 9. O-O O-O 10. b3 Bg4 11. h3 Bh5 12. Bb2 Rc8 13. Rc1 Bd6 14. Be2 Re8
15. Nb5 Bb8 16. Nh4 Bxe2 17. Qxe2 a6 18. Nd4 Qc7 19. g3 Nxd4 20. Bxd4 Qxc1 21.
Rxc1 Rxc1+ 22. Kg2 Ne4 23. Nf5 f6 24. Qg4 g6 25. Nh6+ Kf8 26. Qd7 Rc7 27. Qxd5
Kg7 28. Ng4 h5 29. Ne5 Ng5 30. Nd7 Nh7 31. Nxb8 Rxb8 32. Be5 Rbc8 33. Bxc7 Rxc7
34. e4 Re7 35. f4 Nf8 36. Kf3 Rd7 37. Qc4 Re7 38. g4 hxg4+ 39. hxg4 Ne6 40. Qd5
g5 41. f5 Nf4 42. Qd8 Kf7 43. Qh8 a5 44. a4 b6 45. Qd8 Rb7 46. e5 fxe5 47. Qxg5
Rd7 48. Qh6 Rd3+ 49. Ke4 Rxb3 50. Kxe5 Nd3+ 51. Kd6 1-0

[Event "22nd European Teams Women"]
[Site "Batumi GEO"]
[Date "2019.10.24"]
[Round "1.11"]
[Board "1"]
[White "Georgescu, Lena"]
[Black "Brunello, Marina"]
[Result "1/2-1/2"]
[WhiteTitle "WFM"]
[BlackTitle "FM"]
[WhiteElo "2271"]
[BlackElo "2381"]
[WhiteTeam "Switzerland"]
[BlackTeam "Italy"]
[WhiteFideId "1331973"]
[BlackFideId "822590"]
[EventDate "2019.10.24"]

1. e4 c5 2. Nf3 d6 3. d4 cxd4 4. Nxd4 Nf6 5. Nc3 a6 6. Be3 e5 7. Nb3 Be7 8. h3
Be6 9. f4 exf4 10. Bxf4 Nc6 11. Qe2 Nd7 12. O-O-O Nce5 13. Kb1 O-O 14. g4 Rc8
15. Qe3 Qc7 16. g5 b5 17. Nd4 Nb6 18. Qg3 b4 19. Nd5 Nxd5 20. exd5 Bxd5 21. Rh2
Be4 22. Qe1 d5 23. Qg3 Bd6 24. Bxa6 Rce8 25. Nb5 Qb6 26. Nxd6 Qxd6 27. Bd3 Qe6
28. Bxe5 Qxe5 29. Qxe5 Rxe5 30. h4 Bxd3 31. cxd3 f6 32. gxf6 1/2-1/2

[Event "22nd European Teams Women"]
[Site "Batumi GEO"]
[Date "2019.10.24"]
[Round "1.11"]
[Board "4"]
[White "Movileanu, Daniela"]
[Black "Pellicoro, Nathalie"]
[Result "1-0"]
[WhiteTitle "WFM"]
[WhiteElo "2173"]
[BlackElo "1967"]
[WhiteTeam "Italy"]
[BlackTeam "Switzerland"]
[WhiteFideId "873349"]
[BlackFideId "1332350"]
[EventDate "2019.10.24"]

1. e4 c5 2. Nf3 e6 3. d4 cxd4 4. Nxd4 Nc6 5. Nc3 Qc7 6. Be3 Nf6 7. f4 Bb4 8. Nb5
Qa5 9. e5 Nd5 10. Bd2 Nxc3 11. Nxc3 O-O 12. a3 Bxc3 13. Bxc3 Qc7 14. Qg4 a5 15.
Bd3 h6 16. O-O-O Ne7 17. Be4 Rb8 18. Rd3 Nf5 19. Qh3 b5 20. g4 d5 21. gxf5 dxe4
22. Rg3 Kh7 23. Rxg7+ Kxg7 24. Rg1+ Kh7 25. f6 1-0

[Event "22nd European Teams Women"]
[Site "Batumi GEO"]
[Date "2019.10.24"]
[Round "1.12"]
[Board "4"]
[White "Kyrkjebo, Marte B."]
[Black "Kolotilina, Liudmila"]
[Result "0-1"]
[BlackTitle "WFM"]
[WhiteElo "1871"]
[BlackElo "2242"]
[WhiteTeam "Norway"]
[BlackTeam "Spain"]
[WhiteFideId "1511602"]
[BlackFideId "32099568"]
[EventDate "2019.10.24"]

1. e4 c5 2. Nf3 Nc6 3. Bb5 a6 4. Bxc6 dxc6 5. d3 Qc7 6. h3 e5 7. O-O Ne7 8. Be3
Ng6 9. a4 a5 10. Na3 Be7 11. Qd2 f6 12. Qc3 b6 13. Qb3 Nf8 14. Nd2 Ne6 15. Nac4
Rb8 16. Na3 Bd8 17. c3 Qf7 18. Nac4 Bc7 19. Qc2 O-O 20. Nf3 Rd8 21. Rfd1 Nf4 22.
Bxf4 exf4 23. Qe2 Be6 24. Rd2 Ra8 25. Na3 Re8 26. d4 Bd5 27. e5 cxd4 28. cxd4
Rad8 29. Nc2 fxe5 30. Nxe5 Bxe5 31. dxe5 f3 32. Qe3 fxg2 33. Qg3 Qe7 34. Re1 Rf8
35. Ne3 Qb4 36. Red1 0-1

[Event "22nd European Teams Women"]
[Site "Batumi GEO"]
[Date "2019.10.24"]
[Round "1.13"]
[Board "1"]
[White "Nazarova, Anastasia"]
[Black "Mkrtchian, Lilit"]
[Result "1/2-1/2"]
[WhiteTitle "WFM"]
[BlackTitle "IM"]
[WhiteElo "2147"]
[BlackElo "2402"]
[WhiteTeam "Finland"]
[BlackTeam "Armenia"]
[WhiteFideId "34101737"]
[BlackFideId "13300601"]
[EventDate "2019.10.24"]

1. e4 e6 2. d4 d5 3. Nd2 c5 4. exd5 exd5 5. Ngf3 Nc6 6. Bb5 Qe7+ 7. Be2 Qc7 8.
dxc5 Bxc5 9. Nb3 Be7 10. c3 Nf6 11. O-O O-O 12. Bg5 Rd8 13. Nbd4 h6 14. Bh4 Ne4
15. Bxe7 Qxe7 16. Qc2 Qf6 17. Rad1 Bg4 18. Ne1 Bxe2 19. Qxe2 Ne5 20. Nec2 Nd6
21. Ne3 Ndc4 22. Ndf5 Kh7 23. b3 Nb6 24. f4 Nc6 25. Qd3 Kh8 26. Rf3 Ne7 27. Nd4
Re8 28. Rdf1 Nc6 29. Ndf5 Re4 30. Ng3 Ree8 31. Ngf5 Re4 1/2-1/2

[Event "22nd European Teams Women"]
[Site "Batumi GEO"]
[Date "2019.10.24"]
[Round "1.13"]
[Board "4"]
[White "Sargsyan, Anna M."]
[Black "Norlamo, Sarabella"]
[Result "1-0"]
[WhiteTitle "WFM"]
[WhiteElo "2242"]
[BlackElo "2020"]
[WhiteTeam "Armenia"]
[BlackTeam "Finland"]
[WhiteFideId "13308130"]
[BlackFideId "4505344"]
[EventDate "2019.10.24"]

1. d4 Nf6 2. c4 e6 3. Nf3 b6 4. g3 Ba6 5. Qc2 Bb4+ 6. Bd2 Be7 7. Bg2 O-O 8. O-O
d5 9. cxd5 Bxe2 10. dxe6 Bxf1 11. exf7+ Kh8 12. Kxf1 c6 13. Ng5 Qc8 14. Bh3 Nbd7
15. Nc3 h6 16. Ne6 Rxf7 17. Nf4 Qa6+ 18. Kg1 Nf8 19. Qb3 Kg8 20. Bf1 b5 21. Nd3
N8d7 22. Bh3 b4 23. Nxb4 Bxb4 24. Be6 Rf8 25. Qxb4 Kh7 26. Bxf7 Rxf7 27. Qb3 Rf8
28. Qc2+ Kh8 29. Re1 Qc4 30. Be3 Ng4 31. Qa4 Nxe3 32. Rxe3 Qf7 33. Re2 Nb8 34.
Qa3 Kg8 35. Qe7 Na6 36. Qe6 Nb4 37. Qxf7+ Rxf7 38. a3 Nd3 39. b4 a5 40. bxa5 Ra7
41. Re3 Nc1 42. Re6 Rxa5 43. a4 Nb3 44. Rxc6 Nxd4 45. Rd6 Nb3 46. Rb6 Nd4 47.
Kg2 Rc5 48. Nb5 Nxb5 49. axb5 Rc2 50. Rc6 Rb2 51. b6 Kh7 52. Kf3 Rb3+ 53. Ke4
Rb2 54. Kd5 Rxf2 55. Kc5 Rb2 56. Kd6 Rf2 57. b7 Rf6+ 58. Kd5 Rf5+ 59. Kc4 Rf8
60. Rc8 1-0

[Event "22nd European Teams Women"]
[Site "Batumi GEO"]
[Date "2019.10.25"]
[Round "2.7"]
[Board "2"]
[White "Zawadzka, Jolanta"]
[Black "Injac, Teodora"]
[Result "1/2-1/2"]
[WhiteTitle "WGM"]
[BlackTitle "WIM"]
[WhiteElo "2406"]
[BlackElo "2257"]
[WhiteTeam "Poland"]
[BlackTeam "Serbia"]
[WhiteFideId "1122320"]
[BlackFideId "932400"]
[EventDate "2019.10.24"]

1. e4 c5 2. Nf3 d6 3. d4 cxd4 4. Nxd4 Nf6 5. Nc3 a6 6. Be2 e5 7. Nb3 Be7 8. O-O
O-O 9. Be3 Be6 10. Qd2 Nbd7 11. a4 Rc8 12. a5 Qc7 13. Rfd1 Rfd8 14. Qe1 h6 15.
Nc1 Nh7 16. f3 Nhf6 17. Bf1 Ra8 18. Qf2 Qc6 19. Qd2 Rac8 20. N1a2 Qc7 21. Nb4
Qb8 22. Qf2 Nc5 23. Nbd5 Nxd5 24. Nxd5 Bxd5 25. Rxd5 b5 26. axb6 Qxb6 27. b3 a5
28. Kh1 Ra8 29. Bc4 Qc7 30. Rdd1 Bg5 31. Bxg5 hxg5 32. Bd5 Ra7 33. Qd2 Ne6 34.
Bxe6 fxe6 35. Qxg5 Raa8 36. c4 Qb6 37. Rab1 Re8 38. h3 Qc6 39. Qd2 Red8 40. Ra1
a4 41. bxa4 Qxc4 42. Rdc1 Qd4 43. Qg5 Rd7 44. Qg6 Re7 45. a5 Qd2 46. Rc6 Rf8 47.
a6 Qb2 48. Rac1 Qb8 49. Qg5 Ref7 50. Qd2 Rd8 51. Qa2 Re7 52. Rb1 Qa7 53. Rbb6
Rb8 54. Rxb8+ Qxb8 55. Qa5 Kf7 56. Rc1 Ra7 57. Kh2 Rd7 58. Qa4 Ke7 59. Ra1 Ra7
60. Qc6 Qb4 61. Qc8 Qc5 62. Qg8 Kf6 63. Qd8+ Kg6 64. h4 Qc6 65. Qa5 Kf7 66. Kh3
Kf6 67. g4 Kg6 68. Kg3 d5 69. h5+ Kf7 70. Qa4 Qc3 71. Qa3 Qd4 72. Qa4 Qe3 73.
exd5 exd5 74. Qc6 Qf4+ 75. Kg2 Qd2+ 76. Kh3 Qd3 77. Qg6+ Qxg6 78. hxg6+ Kxg6 79.
Ra5 Kf6 80. Rxd5 Rxa6 81. Kg3 Ra2 82. Rb5 Rc2 83. Rb6+ Kf7 84. Rb5 Kf6 85. Rb6+ 1/2-1/2

[Event "22nd European Teams Women"]
[Site "Batumi GEO"]
[Date "2019.10.25"]
[Round "2.12"]
[Board "1"]
[White "Georgescu, Lena"]
[Black "Hoolt, Sarah"]
[Result "0-1"]
[WhiteTitle "WFM"]
[BlackTitle "WGM"]
[WhiteElo "2271"]
[BlackElo "2323"]
[WhiteTeam "Switzerland"]
[BlackTeam "Germany"]
[WhiteFideId "1331973"]
[BlackFideId "24606812"]
[EventDate "2019.10.24"]

1. e4 e6 2. d4 d5 3. Nc3 Nf6 4. Bg5 Bb4 5. e5 h6 6. Bc1 Ne4 7. Qg4 Kf8 8. Ne2 c5
9. a3 h5 10. Qf4 Ba5 11. b4 Nxc3 12. Nxc3 cxb4 13. Nb5 Nc6 14. axb4 Nxb4 15. Kd1
Nc6 16. Bd3 Kg8 17. h4 a6 18. Nd6 f5 19. Rh3 b5 20. Rg3 Ra7 21. Be2 Bd7 22. Bb2
Be8 23. Rg5 Bc7 24. Nxe8 Qxe8 25. Ra3 Bd8 26. Rgg3 Na5 27. Bc3 Nc4 28. Bxc4 bxc4
29. Kd2 Qe7 30. Ra1 Qxh4 31. Qf3 Qe7 32. Rb1 Rb7 33. Ra1 h4 34. Rh3 Ra7 35. Rb1
Qd7 36. Rhh1 Rb7 37. Ra1 Qc6 38. g3 h3 39. g4 Rf7 40. Rxh3 Rxh3 41. Qxh3 fxg4
42. Qh2 Rf3 43. Rb1 Bg5+ 44. Kd1 Rh3 45. Qg2 Qe8 46. Qxg4 Rh1+ 47. Be1 Qg6 48.
Qf3 Rh4 49. Rb8+ Kh7 50. Bc3 Rf4 51. Qh1+ Bh6 52. f3 Qf5 53. Rb7 Rxf3 54. Be1
Ra3 55. Rb1 Qg4+ 0-1

[Event "22nd European Teams Women"]
[Site "Batumi GEO"]
[Date "2019.10.25"]
[Round "2.15"]
[Board "1"]
[White "Houska, Jovanka"]
[Black "Goossens, Hanne"]
[Result "1-0"]
[WhiteTitle "IM"]
[BlackTitle "WIM"]
[WhiteElo "2430"]
[BlackElo "2156"]
[WhiteTeam "England"]
[BlackTeam "Belgium"]
[WhiteFideId "405094"]
[BlackFideId "200468"]
[EventDate "2019.10.24"]

1. d4 Nf6 2. Nf3 g6 3. g3 Bg7 4. Bg2 O-O 5. O-O d6 6. a4 a5 7. Re1 Nbd7 8. e4 e5
9. Nc3 Re8 10. h3 c6 11. Be3 Qc7 12. d5 cxd5 13. exd5 b6 14. Nb5 Qb8 15. Nd2 Ba6
16. Nc4 Bxb5 17. axb5 Qc7 18. Qe2 Nh5 19. g4 Nf4 20. Bxf4 exf4 21. Qxe8+ Rxe8
22. Rxe8+ Nf8 23. Ra4 Qd7 24. Rb8 Qxb5 25. Nxb6 Qxb2 26. Rc4 a4 27. Nd7 a3 28.
Rxb2 axb2 29. Rb4 Nxd7 30. Be4 Kf8 31. c4 Nc5 32. Bc2 h6 33. h4 Bc3 34. Rb8+ Kg7
35. Kg2 Bd4 36. h5 gxh5 37. gxh5 Bc3 38. Kf3 Be5 39. Kg4 Kf6 40. Rb5 Ke7 41. Kf5
Bc3 42. Kxf4 Bd4 43. Kf5 Bc3 44. Rb8 Bd4 45. f4 Bc3 46. Kg4 Bd4 47. Kf3 Bc3 48.
Ke2 Bd4 49. Kd2 Bf6 50. Bh7 Bd4 51. Kc2 Kf6 52. Kb1 Kg7 53. Bc2 Kf6 54. Rh8 Ke7
55. Rc8 Kd7 56. Ra8 Ke7 57. Ra7+ Kf8 58. Rc7 Bc3 59. Ka2 Bd4 60. Ka3 Bc3 61. Ra7
Ke8 62. Bh7 Kf8 63. Ka2 Bd4 64. Ra8+ Kg7 65. Bc2 Kf6 66. Ka3 Bc3 67. Re8 Bd4 68.
Kb4 Na6+ 69. Ka5 Nc5 70. Kb5 Nb3 71. Kb4 Nc5 72. Re1 Nb7 73. Kb5 Bc3 74. Re3 Bd4
75. Ra3 Ke7 76. Kc6 Bc5 77. Ra2 Nd8+ 78. Kc7 Bd4 79. Ra8 1-0

[Event "22nd European Teams Women"]
[Site "Batumi GEO"]
[Date "2019.10.26"]
[Round "3.6"]
[Board "3"]
[White "Buksa, Nataliya"]
[Black "Paulet, Iozefina"]
[Result "1-0"]
[WhiteTitle "IM"]
[BlackTitle "WGM"]
[WhiteElo "2410"]
[BlackElo "2288"]
[WhiteTeam "Ukraine"]
[BlackTeam "Netherlands"]
[WhiteFideId "14123622"]
[BlackFideId "1213261"]
[EventDate "2019.10.24"]

1. e4 e6 2. d4 d5 3. Nd2 c5 4. Ngf3 cxd4 5. Nxd4 Nc6 6. Bb5 Bd7 7. Nxc6 bxc6 8.
Bd3 Bd6 9. Qe2 Ne7 10. O-O Ng6 11. Nf3 O-O 12. c4 Qc7 13. Re1 dxe4 14. Bxe4 f5
15. Bc2 c5 16. h4 Bc6 17. h5 Bxf3 18. Qxf3 Ne5 19. Qe2 Rae8 20. Ba4 Nc6 21. Bxc6
Qxc6 22. b3 e5 23. Bb2 Re6 24. Rad1 e4 25. Qd2 f4 26. Qd5 Qxd5 27. Rxd5 e3 28.
Ba3 Be7 29. f3 Rc8 30. g3 fxg3 31. Re2 Bd6 32. Kg2 h6 33. Bb2 Rc7 34. Bc3 Kh7
35. Be1 g6 36. hxg6+ Rxg6 37. Rxe3 Rf7 38. Bc3 Bf4 39. Re8 Rg8 40. Rxg8 Kxg8 41.
Be5 Be3 42. Kxg3 a5 43. f4 a4 44. Kf3 Bc1 45. Rxc5 a3 46. Rc8+ Kh7 47. Rc7 Rxc7
48. Bxc7 Kg6 49. b4 Kf5 50. b5 Ke6 51. Be5 Kd7 52. c5 Bb2 53. c6+ Ke6 54. b6 1-0

[Event "22nd European Teams Women"]
[Site "Batumi GEO"]
[Date "2019.10.26"]
[Round "3.9"]
[Board "1"]
[White "Reizniece-Ozola, Dana"]
[Black "Atalik, Ekaterina"]
[Result "0-1"]
[WhiteTitle "WGM"]
[BlackTitle "IM"]
[WhiteElo "2297"]
[BlackElo "2464"]
[WhiteTeam "Latvia"]
[BlackTeam "Turkey"]
[WhiteFideId "11601124"]
[BlackFideId "4130189"]
[EventDate "2019.10.24"]

1. c4 e6 2. Nf3 d5 3. e3 Nf6 4. Nc3 b6 5. g3 Bb7 6. Bg2 dxc4 7. Qa4+ Nbd7 8.
Qxc4 Nc5 9. d4 Ba6 10. Nb5 c6 11. a4 cxb5 12. axb5 Bb7 13. dxc5 Bxc5 14. O-O Bd5
15. Qh4 O-O 16. b4 Be7 17. Bb2 Qe8 18. Nd4 Bxg2 19. Kxg2 Nd5 20. Qg4 Bf6 21.
Rfc1 Nxb4 22. Ba3 a5 23. bxa6 Rxa6 24. Bxb4 Qa8+ 25. Qf3 Rxa1 26. Rxa1 Qxa1 27.
Bxf8 Kxf8 28. Qc6 g6 29. Qxb6 Bxd4 30. exd4 Qa8+ 31. Kg1 Qd5 32. Qa7 g5 33. h3
Kg7 34. Qe7 Kg6 35. h4 h6 36. hxg5 hxg5 37. Qa7 Qf3 38. Qc5 Kh5 39. Qe5 Kg4 40.
Kf1 Qh1+ 41. Ke2 Qd5 42. Qf6 Qe4+ 43. Kf1 Qf5 44. Qh8 f6 45. Qd8 Kf3 46. Qa8+
Qe4 47. Qa3+ Kg4 48. Qc3 Kh3 49. Qc8 Qb1+ 50. Ke2 Qe4+ 51. Kf1 Qd3+ 52. Ke1 Qxd4
53. Qxe6+ Kg2 54. Qf5 Qa1+ 55. Ke2 Qf1+ 56. Ke3 Qe1+ 0-1

[Event "22nd European Teams Women"]
[Site "Batumi GEO"]
[Date "2019.10.26"]
[Round "3.15"]
[Board "1"]
[White "Goossens, Hanne"]
[Black "Georgescu, Lena"]
[Result "1/2-1/2"]
[WhiteTitle "WIM"]
[BlackTitle "WFM"]
[WhiteElo "2156"]
[BlackElo "2271"]
[WhiteTeam "Belgium"]
[BlackTeam "Switzerland"]
[WhiteFideId "200468"]
[BlackFideId "1331973"]
[EventDate "2019.10.24"]

1. e4 e5 2. Nf3 Nc6 3. Bc4 Bc5 4. O-O Nf6 5. d3 O-O 6. Bb3 d6 7. c3 a5 8. a4 h6
9. h3 Be6 10. Nbd2 Re8 11. Bxe6 Rxe6 12. Re1 d5 13. exd5 Qxd5 14. Ne4 Ba7 15.
Nxf6+ Rxf6 16. Be3 Bxe3 17. Rxe3 Rd8 18. Qe2 g6 19. Re1 b6 20. Nxe5 Nxe5 21.
Rxe5 Qxd3 22. Re8+ Kg7 23. Rxd8 Qxd8 24. Rd1 Rd6 25. Rxd6 Qxd6 26. b3 Qd5 27.
Qc2 h5 28. h4 Kf6 29. g3 Ke5 30. Qe2+ Kd6 31. Qb2 Qd3 32. c4 Ke6 33. Kg2 Qe4+
34. Kf1 f6 35. Qc3 c5 36. Kg1 Kf5 37. Kf1 Qh1+ 38. Ke2 Qe4+ 39. Kf1 g5 40. hxg5
fxg5 41. Qd2 Qh1+ 42. Ke2 Qe4+ 43. Kf1 Qh1+ 44. Ke2 Qe4+ 45. Kf1 1/2-1/2

[Event "22nd European Teams Women"]
[Site "Batumi GEO"]
[Date "2019.10.26"]
[Round "3.15"]
[Board "3"]
[White "Mabille, Natacha"]
[Black "De Seroux, Camille"]
[Result "0-1"]
[BlackTitle "WFM"]
[WhiteElo "1939"]
[BlackElo "2140"]
[WhiteTeam "Belgium"]
[BlackTeam "Switzerland"]
[WhiteFideId "218677"]
[BlackFideId "1305620"]
[EventDate "2019.10.24"]

1. e4 c5 2. Nf3 Nc6 3. d4 cxd4 4. Nxd4 Nf6 5. Nc3 d6 6. Bc4 e6 7. O-O Be7 8. Bg5
O-O 9. Bb3 a6 10. Re1 Bd7 11. Qd2 h6 12. Be3 Ng4 13. Nxc6 Bxc6 14. Bf4 b5 15. a3
Qc7 16. Rad1 Rfd8 17. Qe2 Ne5 18. Bg3 Rab8 19. f4 Nc4 20. f5 e5 21. Bxc4 bxc4
22. Qxc4 Rxb2 23. Nd5 Qa7+ 24. Bf2 Bxd5 25. Qxd5 Qc7 26. c4 Rc8 27. Rc1 Bg5 28.
Be3 Bxe3+ 29. Rxe3 Qb6 30. Rc3 Rb1+ 31. Kf2 Qb2+ 32. Kf3 Rf1+ 33. Kg3 Rg1 0-1